Modern Hyper- and High Inflations /

Since 1947, hyperinflations (by Cagan's definition) in market economies have been rare. Much more common have been longer inflationary processes with inflation rates above 100 percent per annum. Based on a sample of 133 countries, and using the 100 percent threshold as the basis for a definitio...

Ausführliche Beschreibung

Bibliographische Detailangaben
1. Verfasser: Fischer, Stanley
Weitere Verfasser: Sahay, Ratna, Vegh Gramont, Carlos
Format: Zeitschrift
Sprache:English
Veröffentlicht: Washington, D.C. : International Monetary Fund, 2002.
Schriftenreihe:IMF Working Papers; Working Paper ; No. 2002/197
Online Zugang:Full text available on IMF
LEADER 02069cas a2200265 a 4500
001 AALejournalIMF002155
008 230101c9999 xx r poo 0 0eng d
020 |c 5.00 USD 
020 |z 9781451860023 
022 |a 1018-5941 
040 |a BD-DhAAL  |c BD-DhAAL 
100 1 |a Fischer, Stanley. 
245 1 0 |a Modern Hyper- and High Inflations /  |c Stanley Fischer, Ratna Sahay, Carlos Vegh Gramont. 
264 1 |a Washington, D.C. :  |b International Monetary Fund,  |c 2002. 
300 |a 1 online resource (65 pages) 
490 1 |a IMF Working Papers 
500 |a <strong>Off-Campus Access:</strong> No User ID or Password Required 
500 |a <strong>On-Campus Access:</strong> No User ID or Password Required 
506 |a Electronic access restricted to authorized BRAC University faculty, staff and students 
520 3 |a Since 1947, hyperinflations (by Cagan's definition) in market economies have been rare. Much more common have been longer inflationary processes with inflation rates above 100 percent per annum. Based on a sample of 133 countries, and using the 100 percent threshold as the basis for a definition of very high inflation episodes, this paper examines the main characteristics of such inflations. Among other things, we find that (i) close to 20 percent of countries have experienced inflation above 100 percent per annum; (ii) higher inflation tends to be more unstable; (iii) in high-inflation countries, the relationship between the fiscal balance and seigniorage is strong both in the short and longrun's; (iv) inflation inertia decreases as average inflation rises; (v) high-inflation is associated with poor macroeconomic performance; and (vi) stabilizations from high inflation that rely on the exchange rate as the nominal anchor are expansionary. 
538 |a Mode of access: Internet 
700 1 |a Sahay, Ratna. 
700 1 |a Vegh Gramont, Carlos. 
830 0 |a IMF Working Papers; Working Paper ;  |v No. 2002/197 
856 4 0 |z Full text available on IMF  |u http://elibrary.imf.org/view/journals/001/2002/197/001.2002.issue-197-en.xml  |z IMF e-Library